000 01226nam a2200253Ia 4500
003 OSt
005 20250521154644.0
008 191128s2015 ck jr 000 f spa d
020 _a9789876129091
040 _aCO-JMCR
_cCO-JMCR
041 0 _aspa
_heng
082 0 4 _aJ-N
_2CARb
100 1 _aCarey, Anna,
_eautora
_91539
245 1 0 _aBlackbird :
_bperseguida /
_cAnna Carey ; traducción, Roxanna Erdman
260 _aBuenos Aires :
_bV&R Editoras,
_c2015
300 _a231 páginas ;
_c21 cm.
520 _aTe despiertas en las vías del metro de los Ángeles, sin recordar nada. Tienes una mochila con ropa, mil dólares, un número de teléfono y una orden muy clara: no llames a la policía. Mientras intentas descifrar tu identidad, te haces preguntas. ¿Cómo te llamas? ¿Porqué estás ahí? ¿Qué significa el tatuaje en tu muñeca con un pájaro negro y el código FNV02198? La única verdad es que están persiguiéndote para matarte. No tienes opción. Debes escapar. Y rápido...
534 _pBlackbird
546 _aTraducido del inglés
650 1 4 _aNovela juvenil
_xficción
_91540
650 1 4 _aSuspenso
_xnovela juvenil
_91541
700 1 _aErdman, Roxanna,
_etraductora
_91542
942 _2ddc
_cBK
999 _c4533
_d4533